000 00427nam a2200181Ia 4500
005 20250603144557.0
008 250603s9999 xx 000 0 und d
020 _a978-1-032-52829-8
050 _aQP 551 .B33/
100 _aBabar, Masroor Elahi
245 0 _aBiology and breeding of camels
260 _aBoca Raton
260 _b CRC Press
260 _c2024
300 _a239 p
650 _aBoca Raton
942 _cBK
999 _c39334
_d39334